000 00588cam a2200205 4500
001 H19
008 090401t1979 xxu||||| |||| 00| 0 eng d
035 _a(Sirsi) u36470
041 _aeng
050 _a692.3
100 _aCrawshaw, D.T.
245 _aProject information at the pre-construction stage
260 _aGarston, Watford
_bBuilding Research Establishment
_c1979
300 _a4p. ; 30cm.
350 _a0
490 _aBRE Information Paper
_v27/79 s
650 _aBUILT ENVIRONMENT-QUANTITY SURVEYING-STANDARD METHOD OF MEASUREMENT
942 _n0
948 _c04/03/1997
999 _c90291
_d90291